00000000nam##2200000za#4500
0019.682462
003CaOODSP
00520210615132925
007ta
008150407|2004||||xxc|||||     f|0| 0 fre|d
020 |a0-662-76430-7
040 |aCaOODSP|bfre
043 |an-cn---
0861 |aH68-27/2003F
1101 |aCanada.|bDéveloppement social Canada. |bConseil national du bien-être social.
24510|aRevenus de bien-être social, 2003
2463 |aRapport du Conseil national du bien-être social
260 |aOttawa - Ontario : |bDéveloppement social Canada. |c2004.
300 |axii, 95p. : |bfigures, tableaux ; |c28 cm.
500 |aVolume n° 121 du Rapport du Conseil national du bien-être social.
5203 |aCe rapport présente les taux des prestations du bien-être social dans chaque province et territoire au Canada au cours de l’année visée. Il examine les revenus de bien-être social pour quatre types de ménages : personne seule apte au travail, personne seule handicapée, famille monoparentale avec un enfant de deux ans, famille biparentale avec deux enfants de 10 et 15 ans. Il évalue si les prestations sont adéquates, l’écart entre les revenus de bien-être social et les revenus moyens, l’évolution des prestations, et l’évolution du lien entre les revenus de bien-être social et la pauvreté.
563 |aCouverture souple
590 |a04-30|b2004-07-23
69107|aBien-être social|2gcpds
77508|tWelfare incomes, 2003 |w(CaOODSP)9.649249